Statistics for The Outsiders Characters

Click here to take the quiz!

General Stats

  • This quiz has been taken 169 times
  • The average score is 14 of 19

Answer Stats

HintAnswer% Correct
He cuts Ponyboy's hair in the churchJohnny Cade
100%
His favorite horse was named Mickey MouseSodapop Curtis
100%
He couldn't live without the above characterDallas Winston
99%
SocsKilled by JohnnyBob Sheldon
98%
Oldest brother of the character aboveDarrel Curtis
98%
GreasersMain character of the novelPonyboy Curtis
98%
Could fall in love with a certain greaserCherry Valance
96%
This character's real name is KeithTwo-bit Matthews
96%
Best friend of character aboveSteve Randle
95%
Doesn't like the fighting between greasers and SocsRandy Adderson
87%
Has his own gangTim Shepard
75%
Accepts the Soda from Dally at the moviesMarcia
72%
Moved to FloridaSandy
64%
Held a cigarette against his finger with PonyboyCurly Shepard
55%
Started the fight at the rumblePaul Holden
50%
The school teacher who stayed with Pony in the hospitalJerry Wood
44%
ExtrasDally's rodeo partnerBuck Merril
43%
Tries to drown Ponyboy in the fountainDavid
31%
Ponyboy's English teacher who truly caresMr. Syme
18%

Score Distribution

Percentile by Number Answered

Percent of People with Each Score

Your Score History

You have not taken this quiz